Surveyors acting as arbitrators and as independent experts in commercial property rent reviews (Record no. 101980)

MARC details
000 -LEADER
fixed length control field 01801cam a2200289 4500
008 - FIXED-LENGTH DATA ELEMENTS--GENERAL INFORMATION
fixed length control field #DATE n2002 000 0 eng u
020 ## - INTERNATIONAL STANDARD BOOK NUMBER
International Standard Book Number 1842190962
035 ## - SYSTEM CONTROL NUMBER
System control number (Sirsi) u117359
041 0# - LANGUAGE CODE
Language code of text/sound track or separate title eng
050 04 - LIBRARY OF CONGRESS CALL NUMBER
Classification number 347.4109 $2 18
110 2# - MAIN ENTRY--CORPORATE NAME
Corporate name or jurisdiction name as entry element Royal Institution of Chartered Surveyors
Subordinate unit Dispute Resolution Faculty
245 00 - TITLE STATEMENT
Title Surveyors acting as arbitrators and as independent experts in commercial property rent reviews
Medium [old edition]
250 ## - EDITION STATEMENT
Edition statement 8th ed.
260 ## - PUBLICATION, DISTRIBUTION, ETC.
Place of publication, distribution, etc. London
Name of publisher, distributor, etc. RICS
Date of publication, distribution, etc. 2002
300 ## - PHYSICAL DESCRIPTION
Extent ix, 74p.
Dimensions 30cm.
490 #0 - SERIES STATEMENT
Series statement RICS Guidance Note
520 ## - SUMMARY, ETC.
Summary, etc. Superseded by 9th edition
520 ## - SUMMARY, ETC.
Summary, etc. Reflects experience gained since the new regime brought in by the Arbitration Act 1996. These notes are based upon the law and and practice in England, Wales and Northern Ireland. Much of the legislation will not apply to Scotland although legal decisions may possibly apply in the absence of guidance from the Scottish courts.
520 ## - SUMMARY, ETC.
Summary, etc. Supersedes seventh edition (ISBN 0854068015).
520 ## - SUMMARY, ETC.
Summary, etc. Superseded by 9th edition. Separate guidance for Surveyors acting as arbitrators in commercial property rent reviews ISBN 9781783210206 2011 and Surveyors acting as independent experts in commercial property rent reviews ISBN 978783210435 2014
650 24 - SUBJECT ADDED ENTRY--TOPICAL TERM
Topical term or geographic name entry element ARBITRATION ACT 1996
651 #4 - SUBJECT ADDED ENTRY--GEOGRAPHIC NAME
Geographic name England and Wales
Chronological subdivision 1543-
651 #4 - SUBJECT ADDED ENTRY--GEOGRAPHIC NAME
Geographic name Northern Ireland
Chronological subdivision 2007-
690 ## - LOCAL SUBJECT ADDED ENTRY--TOPICAL TERM (OCLC, RLIN)
Topical term or geographic name as entry element PROPERTY-COMMERCIAL PROPERTY-LEASEHOLD COMMERCIAL PROPERTY-COMMERCIAL LANDLORD AND TENANT-BUSINESS TENANCIES-RENT REVIEW (BUSINESS TENANCIES)
856 41 - ELECTRONIC LOCATION AND ACCESS
Uniform Resource Identifier <a href="https://www.isurv.com/download/downloads/id/227/archive_surveyors_acting_as_arbitrators_and_as_independent_experts_in_commercial_property_rent_reviews_8th_edition_2002-2013.pdf">https://www.isurv.com/download/downloads/id/227/archive_surveyors_acting_as_arbitrators_and_as_independent_experts_in_commercial_property_rent_reviews_8th_edition_2002-2013.pdf</a>
Public note Archived on isurv (subscription required)
942 ## - ADDED ENTRY ELEMENTS (KOHA)
Suppress in OPAC 0
Source of classification or shelving scheme Dewey Decimal Classification
Holdings
Withdrawn status Lost status Source of classification or shelving scheme Damaged status Not for loan Home library Current library Shelving location Date acquired Cost, normal purchase price Total Checkouts Full call number Barcode Date last seen Copy number Cost, replacement price Price effective from Koha item type
    Dewey Decimal Classification     London London Folio 22/12/2004 15.00   RICS 2002/29 30067612 06/08/2019 2 15.00 06/08/2019 Reference material
    Dewey Decimal Classification     London London RICS Boxes 24/04/2009     RICS 2002/29 30066341 06/08/2019 1   06/08/2019 Archive
          Virtual Virtual Online 16/08/2006     isurv   11/06/2024 3   06/08/2019 Online material